It looks like you're offline.
Open Library logo
additional options menu

MARC record from Internet Archive

LEADER: 01089cam a22002534a 4500
001 2003013947
003 DLC
005 20040528112324.0
008 030617s2003 mau b 001 0 eng
010 $a 2003013947
020 $a1590030508
040 $aDLC$cDLC$dDLC
042 $apcc
050 00 $aBJ1595$b.G76 2003
082 00 $a299/.792$221
100 1 $aGregg, Susan,$d1949-
245 10 $aMastering the Toltec way :$ba daily guide to happiness, freedom, and joy /$cSusan Gregg.
260 $aBoston, MA :$bRed Wheel,$c2003.
300 $axii, 403 p. ;$c23 cm.
504 $aIncludes bibliographical references (p. 398-399) and indexes.
505 0 $aBy the light of the moon -- Seeing -- Going inside -- Our magical bodies -- And then there were words -- Awakening -- Beyond the mists -- Heaven on earth -- What would love do? -- Circle of light -- The love and the laughter -- Life is but a dream -- Mirror, mirror on the wall.
650 0 $aConduct of life.
650 0 $aToltec philosophy$xMiscellanea.
856 41 $3Table of contents$uhttp://www.loc.gov/catdir/toc/ecip045/2003013947.html